000 00698nam a2200217 a 4500
001 BRCA_8205
005 20190320210156.0
008 150514s1957----mx-ac##f##---#000-0#spa-#
041 _aspa
044 _amx
050 4 _aHF5001
_b.R68
_c1957
110 2 _aRotary International
_920448
245 1 0 _aMemoria
_bXXXIV Conferencia del Distrito 106
_cRotary International
260 _aMéxico
_bClub Rotario
_c1957
300 _a165 p.
_bil., fotos, planos
_c21 cm.
500 _aU85
650 1 4 _aMemorias
_vClub financiero
_zMéxico
_920449
711 2 _aXXXIV Conferencia del Distrito 106
_d6 al 9 de marzo de 1957
_cClub Rotario Tacubaya, Ciudad de México
_920450
902 _aGFM
942 _2lcc
_cB
999 _c7873
_d7873